[Event "Qatar Masters Open 2015"]
[Site "Doha QAT"]
[Date "2015.12.22"]
[Round "3.63"]
[White "Venkatesh, M.R."]
[Black "Bivol, Alina"]
[Result "1/2-1/2"]
[WhiteElo "2451"]
[BlackElo "2344"]
[PlyCount "75"]
[EventDate "2015.12.20"]
[EventType "swiss"]
[EventRounds "9"]
[EventCountry "QAT"]
[Source "lmi"]
[SourceDate "2015.12.20"]

1. e4 e6 2. d4 d5 3. Nd2 c5 4. Ngf3 Nf6 5. e5 Nfd7 6. c3 Nc6 7. Bd3 g6 8. h4
Be7 9. Qe2 cxd4 10. cxd4 Qb6 11. Qe3 f6 12. exf6 Nxf6 13. Nb3 a5 14. Ne5 a4 15.
Nxc6 bxc6 16. Nc5 Ng4 17. Qe2 Qb4+ 18. Qd2 Bxc5 19. dxc5 Qxc5 20. h5 g5 21. Qe2
Qd4 22. Bxg5 h6 23. O-O-O Kd7 24. Bc2 Qg7 25. Qxg4 a3 26. b3 hxg5 27. Qd4 e5
28. Qc3 Qf6 29. f3 Rb8 30. g3 Ba6 31. Rd2 Bb5 32. h6 Rbf8 33. Rf2 d4 34. Qc5
Rxh6 35. Bf5+ Kc7 36. Qa7+ Kd6 37. Qd7+ Kc5 38. Qa7+ 1/2-1/2

[Event "Qatar Masters Open 2015"]
[Site "Doha QAT"]
[Date "2015.12.22"]
[Round "3.64"]
[White "Basso, Pier Luigi"]
[Black "Vaishali, R."]
[Result "1-0"]
[WhiteElo "2438"]
[BlackElo "2313"]
[PlyCount "119"]
[EventDate "2015.12.20"]
[EventType "swiss"]
[EventRounds "9"]
[EventCountry "QAT"]
[Source "lmi"]
[SourceDate "2015.12.20"]

1. c4 Nf6 2. g3 e5 3. Bg2 d5 4. cxd5 Nxd5 5. Nc3 Nb6 6. e3 Nc6 7. Nge2 Be7 8.
O-O O-O 9. f4 Bf5 10. fxe5 Bd3 11. e6 fxe6 12. Rxf8+ Bxf8 13. Nf4 e5 14. Nxd3
Qxd3 15. Be4 Qd7 16. a3 Qf7 17. d3 Rd8 18. Bd2 g6 19. Qg4 Qd7 20. Qe2 Na5 21.
Rd1 Nb3 22. Be1 c6 23. Bf3 Bh6 24. g4 Nd5 25. Bf2 Rf8 26. h4 Qf7 27. Kg2 e4 28.
Nxe4 Nd4 29. Nf6+ Nxf6 30. exd4 Nd5 31. Bxd5 Qxd5+ 32. Qe4 Qb3 33. Re1 Qxb2 34.
Re2 Qxa3 35. h5 Qd6 36. Bg3 Bf4 37. Be1 gxh5 38. gxh5 Qd5 39. Qxd5+ cxd5 40.
Bb4 Rc8 41. Kf3 Bh6 42. Re7 Rf8+ 43. Kg3 Rf7 44. Re8+ Kg7 45. Bd6 Bg5 46. Be5+
Bf6 47. Rd8 Re7 48. Rxd5 Kf7 49. Kf4 b6 50. Kf5 Bh4 51. Rd6 b5 52. Rh6 Ke8 53.
d5 b4 54. Rc6 b3 55. d6 b2 56. Bxb2 Rb7 57. Ke6 Kd8 58. Bc3 Rb5 59. d7 Rb6 60.
Ba5 1-0

[Event "Qatar Masters Open 2015"]
[Site "Doha QAT"]
[Date "2015.12.22"]
[Round "3.65"]
[White "Aryan, Chopra"]
[Black "Derakhshani, Dorsa"]
[Result "1-0"]
[WhiteElo "2436"]
[BlackElo "2307"]
[PlyCount "81"]
[EventDate "2015.12.20"]
[EventType "swiss"]
[EventRounds "9"]
[EventCountry "QAT"]
[Source "lmi"]
[SourceDate "2015.12.20"]

1. e4 e5 2. Nf3 Nc6 3. Bb5 g6 4. c3 a6 5. Ba4 d6 6. O-O Bg7 7. d4 Bd7 8. d5
Nce7 9. Bxd7+ Qxd7 10. c4 h6 11. Nc3 f5 12. Ne1 Nf6 13. f3 O-O 14. Nd3 c6 15.
Qe2 f4 16. Bd2 g5 17. Rac1 Rf7 18. Rfd1 g4 19. fxg4 Nxg4 20. h3 Nf6 21. Ne1 Ng6
22. Nf3 Nh5 23. dxc6 bxc6 24. Be1 Qe6 25. Qd3 Bf8 26. b4 Rb7 27. Rb1 Nf6 28. a4
Nd7 29. Bf2 Rab8 30. b5 axb5 31. cxb5 cxb5 32. axb5 Nc5 33. Bxc5 dxc5 34. Qd5
Kf7 35. Ra1 c4 36. Ra4 Rc7 37. Kf1 Be7 38. Qxe6+ Kxe6 39. Nd5 Rcb7 40. Rxc4 Bd6
41. Rc6 1-0

[Event "Qatar Masters Open 2015"]
[Site "Doha QAT"]
[Date "2015.12.22"]
[Round "3.66"]
[White "Piasetski, Leon"]
[Black "Rohan, Ahuja"]
[Result "0-1"]
[WhiteElo "2287"]
[BlackElo "2426"]
[PlyCount "72"]
[EventDate "2015.12.20"]
[EventType "swiss"]
[EventRounds "9"]
[EventCountry "QAT"]
[Source "lmi"]
[SourceDate "2015.12.20"]

1. Nf3 Nf6 2. c4 g6 3. Nc3 d5 4. Qa4+ Bd7 5. Qb3 dxc4 6. Qxc4 a6 7. g3 b5 8.
Qf4 c5 9. Ne5 Nc6 10. Nxd7 Qxd7 11. Bg2 Rc8 12. d3 Nd4 13. Qd2 Bg7 14. Qd1 O-O
15. Bg5 Rfd8 16. O-O Qe6 17. Bxf6 exf6 18. e3 Nc6 19. Qe2 f5 20. Rfd1 Rd6 21.
Rac1 Rcd8 22. Nb1 Nb4 23. d4 cxd4 24. a3 Na2 25. Rc7 dxe3 26. Re1 Rd3 27. Kf1
f4 28. gxf4 Qd6 29. Rc6 Qxf4 30. Qf3 Qxh2 31. fxe3 R3d6 32. Rxd6 Rxd6 33. Qa8+
Bf8 34. Ke2 Qe5 35. b4 Qb2+ 36. Kf1 Nc1 0-1

[Event "Qatar Masters Open 2015"]
[Site "Doha QAT"]
[Date "2015.12.23"]
[Round "4.6"]
[White "Ni, Hua"]
[Black "Sjugirov, Sanan"]
[Result "1/2-1/2"]
[WhiteElo "2693"]
[BlackElo "2646"]
[PlyCount "61"]
[EventDate "2015.12.20"]
[EventType "swiss"]
[EventRounds "9"]
[EventCountry "QAT"]
[Source "lmi"]
[SourceDate "2015.12.20"]

1. d4 Nf6 2. c4 e6 3. g3 d5 4. Bg2 Bb4+ 5. Nd2 O-O 6. Ngf3 b6 7. O-O Bb7 8. Ne5
Nbd7 9. Qa4 c5 10. cxd5 exd5 11. Ndf3 a5 12. Bg5 cxd4 13. Nxd7 Qxd7 14. Qxd7
Nxd7 15. Nxd4 Rfe8 16. Rfd1 Bc5 17. Be3 Nf6 18. Nf5 Rad8 19. Rac1 Bc8 20. Nd4
h6 21. h3 Bb7 22. Bf3 Bc8 23. Kg2 Bd7 24. Rd3 Rc8 25. Rdc3 Ne4 26. R3c2 Ng5 27.
Bxg5 Bxd4 28. Bf4 Bf5 29. Rxc8 Rxc8 30. Rxc8+ Bxc8 31. b3 1/2-1/2

[Event "Qatar Masters Open 2015"]
[Site "Doha QAT"]
[Date "2015.12.23"]
[Round "4.7"]
[White "Swiercz, Dariusz"]
[Black "Howell, David W L"]
[Result "1/2-1/2"]
[WhiteElo "2646"]
[BlackElo "2688"]
[PlyCount "62"]
[EventDate "2015.12.20"]
[EventType "swiss"]
[EventRounds "9"]
[EventCountry "QAT"]
[Source "lmi"]
[SourceDate "2015.12.20"]

1. d4 Nf6 2. c4 e6 3. Nf3 d5 4. Nc3 Be7 5. Bf4 O-O 6. e3 Nbd7 7. Be2 dxc4 8.
O-O c5 9. dxc5 Nxc5 10. Bxc4 Qxd1 11. Rfxd1 b6 12. Nd4 Bb7 13. Rac1 a6 14. b4
Nce4 15. Nxe4 Bxe4 16. f3 Bd5 17. Bxd5 Nxd5 18. Nc6 Bf6 19. Bd6 Nc3 20. Bxf8
Kxf8 21. Rxc3 Bxc3 22. a4 Ke8 23. Kf2 b5 24. Rd3 Bf6 25. Ra3 bxa4 26. Rxa4 Kd7
27. Rxa6 Rxa6 28. Nb8+ Kc7 29. Nxa6+ Kb6 30. Nc5 Kb5 31. Nd3 Bc3 1/2-1/2

[Event "Qatar Masters Open 2015"]
[Site "Doha QAT"]
[Date "2015.12.23"]
[Round "4.19"]
[White "Fedoseev, Vladimir"]
[Black "Xu, Jun"]
[Result "1-0"]
[WhiteElo "2664"]
[BlackElo "2526"]
[PlyCount "99"]
[EventDate "2015.12.20"]
[EventType "swiss"]
[EventRounds "9"]
[EventCountry "QAT"]
[Source "lmi"]
[SourceDate "2015.12.20"]

1. d4 Nf6 2. c4 e6 3. Nf3 b6 4. g3 Bb7 5. Bg2 Bb4+ 6. Bd2 a5 7. O-O O-O 8. Bf4
Be7 9. Nc3 Ne4 10. Rc1 d6 11. Qd3 Nxc3 12. Rxc3 Nd7 13. Ng5 Bxg5 14. Bxb7 Rb8
15. Bxg5 Qxg5 16. f4 Qe7 17. Bc6 Rbd8 18. Rf3 Nb8 19. Ba4 Nd7 20. Re3 Qf6 21.
a3 g6 22. Bc6 Nb8 23. Ba4 Nd7 24. Qe4 c5 25. d5 Rfe8 26. Qf3 Re7 27. dxe6 Rxe6
28. Kg2 Rxe3 29. Qxe3 Nf8 30. Qe4 Ne6 31. e3 h5 32. Qc6 h4 33. Bc2 Kg7 34. Rb3
hxg3 35. hxg3 Rh8 36. Rxb6 g5 37. f5 Qh6 38. Kf2 Nc7 39. Rb7 Ne8 40. Qd5 Qh2+
41. Kf1 Qh3+ 42. Ke2 Qh5+ 43. Kd3 Nf6 44. Qxd6 Qf3 45. Rxf7+ Kxf7 46. Qe6+ Kg7
47. Qe7+ Kg8 48. Qxf6 Qxg3 49. Qd8+ Kh7 50. Qe7+ 1-0

[Event "Qatar Masters Open 2015"]
[Site "Doha QAT"]
[Date "2015.12.23"]
[Round "4.20"]
[White "Bok, Benjamin"]
[Black "Bologan, Viktor"]
[Result "0-1"]
[WhiteElo "2594"]
[BlackElo "2654"]
[PlyCount "86"]
[EventDate "2015.12.20"]
[EventType "swiss"]
[EventRounds "9"]
[EventCountry "QAT"]
[Source "lmi"]
[SourceDate "2015.12.20"]

1. e4 e5 2. Nf3 Nc6 3. Bb5 a6 4. Ba4 Nf6 5. O-O Be7 6. Re1 b5 7. Bb3 d6 8. c3
O-O 9. h3 Nb8 10. d4 Nbd7 11. Nbd2 c5 12. Nf1 Re8 13. Ng3 Bf8 14. d5 c4 15. Bc2
Nc5 16. Be3 Qc7 17. Qd2 a5 18. Nh2 Rb8 19. Rac1 b4 20. Bb1 Ba6 21. Ng4 Nxg4 22.
hxg4 Rb7 23. Nf5 bxc3 24. Rxc3 Na4 25. Ra3 Rxb2 26. Qc1 Rb4 27. Bc2 Bb5 28. Bd1
Rc8 29. Be2 Qd7 30. g5 g6 31. Bg4 gxf5 32. Bxf5 Qe8 33. Qd1 Bd7 34. Qh5 Bxf5
35. exf5 c3 36. g4 Rcc4 37. f3 c2 38. Kg2 e4 39. f4 c1=Q 40. Bxc1 Rc2+ 41. Kg1
Nc3 42. Bd2 Rxd2 43. Rxc3 e3 0-1

[Event "Qatar Masters Open 2015"]
[Site "Doha QAT"]
[Date "2015.12.23"]
[Round "4.22"]
[White "Yuffa, Daniil"]
[Black "Vidit, Santosh Gujrathi"]
[Result "1/2-1/2"]
[WhiteElo "2504"]
[BlackElo "2644"]
[PlyCount "107"]
[EventDate "2015.12.20"]
[EventType "swiss"]
[EventRounds "9"]
[EventCountry "QAT"]
[Source "lmi"]
[SourceDate "2015.12.20"]

1. d4 Nf6 2. c4 g6 3. Nc3 d5 4. e3 Bg7 5. Qb3 e6 6. Nf3 O-O 7. Be2 b6 8. cxd5
exd5 9. Qa3 Ne4 10. Nxe4 dxe4 11. Nd2 Qg5 12. g3 Bb7 13. b4 Nd7 14. O-O c5 15.
bxc5 Nxc5 16. Bb2 Ne6 17. Nc4 Rfc8 18. Rfc1 Bf8 19. Qb3 Bd5 20. a4 Qf5 21. h4
h5 22. Ba3 g5 23. Bxf8 Nxf8 24. Qb5 gxh4 25. Ne5 hxg3 26. fxg3 Be6 27. Nc6 Kg7
28. Qxf5 Bxf5 29. Bxh5 Bd7 30. Ne5 Be8 31. Bd1 Nh7 32. Nc4 Rc6 33. Nd2 Nf6 34.
Rxc6 Bxc6 35. Nc4 Bd5 36. Nd6 Rd8 37. Nf5+ Kf8 38. a5 Be6 39. g4 Bxf5 40. gxf5
Rd5 41. axb6 axb6 42. Rb1 Rd6 43. Kf2 Nd5 44. Bb3 Ne7 45. Bc2 Nxf5 46. Bxe4 Ne7
47. Ke2 f5 48. Rf1 Rf6 49. Bd3 Kg7 50. Kd2 Rf8 51. Rb1 Rf6 52. Rb5 Kf8 53. Ke2
f4 54. exf4 1/2-1/2

[Event "Qatar Masters Open 2015"]
[Site "Doha QAT"]
[Date "2015.12.23"]
[Round "4.23"]
[White "Nguyen, Ngoc Truong Son"]
[Black "Gagare, Shardul"]
[Result "1/2-1/2"]
[WhiteElo "2642"]
[BlackElo "2470"]
[PlyCount "91"]
[EventDate "2015.12.20"]
[EventType "swiss"]
[EventRounds "9"]
[EventCountry "QAT"]
[Source "lmi"]
[SourceDate "2015.12.20"]

1. d4 Nf6 2. c4 e6 3. Nf3 d5 4. Nc3 Be7 5. Bg5 h6 6. Bh4 O-O 7. e3 b6 8. Be2
Bb7 9. Bxf6 Bxf6 10. cxd5 exd5 11. O-O Re8 12. Qb3 c6 13. Rfe1 Nd7 14. e4 Nf8
15. Rad1 Ne6 16. e5 Be7 17. Bd3 g6 18. g3 Kg7 19. h4 h5 20. Qc2 Qc7 21. Bf1
Rad8 22. Bh3 Bc8 23. Kh2 Bd7 24. Ne2 Qc8 25. Nfg1 c5 26. f4 f5 27. dxc5 Bxc5
28. Qd3 a6 29. Bg2 Bb5 30. Qf3 d4 31. Nc1 Bb4 32. Rf1 Bxf1 33. Bxf1 Bd2 34. Nd3
Be3 35. Nh3 a5 36. Ne1 Re7 37. Bg2 Qc4 38. b3 Qc3 39. Qe2 Rc7 40. Bf1 Qc5 41.
Qg2 Qc6 42. Bc4 Kf8 43. Qe2 Ke7 44. Ng2 Nc5 45. Ng5 Ne4 46. Nxe3 1/2-1/2

[Event "Qatar Masters Open 2015"]
[Site "Doha QAT"]
[Date "2015.12.23"]
[Round "4.24"]
[White "Xu, Yinglun"]
[Black "Sethuraman, S.P."]
[Result "1-0"]
[WhiteElo "2470"]
[BlackElo "2639"]
[PlyCount "119"]
[EventDate "2015.12.20"]
[EventType "swiss"]
[EventRounds "9"]
[EventCountry "QAT"]
[Source "lmi"]
[SourceDate "2015.12.20"]

1. d4 g6 2. c4 Bg7 3. Nf3 f5 4. g3 Nf6 5. Bg2 d6 6. O-O O-O 7. Nc3 c6 8. Re1
Na6 9. b3 Qc7 10. Ba3 Re8 11. e4 Qa5 12. Bb2 fxe4 13. Nxe4 Nxe4 14. Rxe4 Bf5
15. Re2 e5 16. dxe5 dxe5 17. Qe1 Qxe1+ 18. Raxe1 Bd3 19. Re3 Nb4 20. a3 Nc2 21.
Rxd3 Nxe1 22. Nxe1 e4 23. Rd2 e3 24. Rc2 Bh6 25. f4 Rad8 26. Bf3 Bf8 27. Kf1
Rd2 28. Bc1 Red8 29. Be2 a5 30. Rc3 Ra2 31. c5 Bg7 32. Rc2 Ra1 33. Nd3 Bd4 34.
Kg2 Rb1 35. b4 axb4 36. axb4 Kg7 37. Kf3 Re8 38. Rc4 Bf6 39. h4 Rb3 40. Bxe3
Rd8 41. Ke4 Ra8 42. Bd4 Rd8 43. g4 Re8+ 44. Be5 Bxe5 45. fxe5 Rd8 46. Rd4 Rxd4+
47. Kxd4 Rb1 48. Bf3 Kf7 49. g5 Ke7 50. Ke3 Kd8 51. h5 Ke7 52. hxg6 hxg6 53.
Bg4 Kd8 54. Bf3 Ke7 55. Be4 Rg1 56. Kf4 Rf1+ 57. Kg4 Rg1+ 58. Kh4 Kf7 59. Nf4
Kg7 60. Bxg6 1-0

[Event "Qatar Masters Open 2015"]
[Site "Doha QAT"]
[Date "2015.12.23"]
[Round "4.25"]
[White "Sasikiran, Krishnan"]
[Black "Wang, Yiye"]
[Result "1/2-1/2"]
[WhiteElo "2638"]
[BlackElo "2438"]
[PlyCount "137"]
[EventDate "2015.12.20"]
[EventType "swiss"]
[EventRounds "9"]
[EventCountry "QAT"]
[Source "lmi"]
[SourceDate "2015.12.20"]

1. Nf3 Nf6 2. g3 g6 3. d4 Bg7 4. c4 O-O 5. Bg2 c6 6. O-O d6 7. Nc3 Bf5 8. Re1
Ne4 9. Qb3 Qc7 10. Nh4 Nxc3 11. Nxf5 Nxe2+ 12. Rxe2 gxf5 13. d5 Na6 14. Qf3 e6
15. Bf4 Nc5 16. Rd1 cxd5 17. cxd5 e5 18. Bd2 f4 19. b4 Nd7 20. Rc1 Qb6 21. gxf4
f5 22. Qb3 Kh8 23. Kh1 Qd8 24. fxe5 dxe5 25. d6 e4 26. Rc7 Rc8 27. Bf4 Qf6 28.
Rec2 Rcd8 29. h3 Ne5 30. Bxe5 Qxe5 31. d7 Rxd7 32. Rxd7 Qa1+ 33. Rc1 Qxc1+ 34.
Rd1 Qf4 35. Qg3 Qxg3 36. fxg3 Be5 37. g4 e3 38. gxf5 Bc3 39. Bf3 Bd2 40. Kg2
Rxf5 41. Rb1 b6 42. Rb3 Rf7 43. b5 Rc7 44. Rd3 Kg7 45. Rd4 Kf6 46. Rf4+ Ke5 47.
Rg4 Kd6 48. a4 Rf7 49. h4 Kc5 50. Re4 Bc1 51. h5 Bd2 52. Kg3 Be1+ 53. Kg2 Bd2
54. Kg3 Rg7+ 55. Rg4 Rd7 56. Be2 Kd5 57. Kf3 Ke5 58. Rf4 Rg7 59. Re4+ Kd5 60.
Rg4 Re7 61. Rf4 Bc3 62. Bd3 Bd4 63. Be2 Bc5 64. Bc4+ Kd6 65. Ke2 Rg7 66. Re4
Rg2+ 67. Kf3 Rc2 68. Be2 Rd2 69. Rf4 1/2-1/2

[Event "Qatar Masters Open 2015"]
[Site "Doha QAT"]
[Date "2015.12.23"]
[Round "4.29"]
[White "Moroni, Luca Jr"]
[Black "Adhiban, Baskaran"]
[Result "0-1"]
[WhiteElo "2466"]
[BlackElo "2669"]
[PlyCount "82"]
[EventDate "2015.12.20"]
[EventType "swiss"]
[EventRounds "9"]
[EventCountry "QAT"]
[Source "lmi"]
[SourceDate "2015.12.20"]

1. d4 Nf6 2. Nf3 d6 3. g3 g6 4. Bg2 Bg7 5. O-O O-O 6. a4 c6 7. Nc3 Nbd7 8. e4
e5 9. h3 Re8 10. Re1 Qc7 11. Be3 b6 12. Qd2 Bb7 13. Rad1 Rad8 14. Bh6 a6 15.
Bxg7 Kxg7 16. Nh4 b5 17. axb5 cxb5 18. Re2 b4 19. Na2 a5 20. c3 b3 21. Nc1 a4
22. f4 h6 23. Kh2 Nb6 24. Qd3 Nc4 25. d5 Ba6 26. Qf3 exf4 27. gxf4 a3 28. bxa3
b2 29. Nd3 Nxe4 30. Nxb2 f5 31. Nxc4 Bxc4 32. Re3 Qe7 33. Rd4 Qxh4 34. Rxc4 Nd2
35. Rc7+ Kf6 36. Qg3 Qxg3+ 37. Rxg3 Re2 38. Rd3 Rb8 39. Kg3 Rb1 40. Rxd2 Rxd2
41. Bf3 Rg1+ 0-1

[Event "Qatar Masters Open 2015"]
[Site "Doha QAT"]
[Date "2015.12.23"]
[Round "4.30"]
[White "Firat, Burak"]
[Black "Khairullin, Ildar"]
[Result "0-1"]
[WhiteElo "2446"]
[BlackElo "2647"]
[PlyCount "70"]
[EventDate "2015.12.20"]
[EventType "swiss"]
[EventRounds "9"]
[EventCountry "QAT"]
[Source "lmi"]
[SourceDate "2015.12.20"]

1. e4 e5 2. Nf3 Nc6 3. Bb5 a6 4. Ba4 Nf6 5. O-O b5 6. Bb3 Bc5 7. c3 d6 8. d4
Bb6 9. a4 Rb8 10. a5 Ba7 11. Be3 Bg4 12. dxe5 Bxf3 13. Qxf3 Nxe5 14. Qe2 Bxe3
15. Qxe3 O-O 16. Nd2 Re8 17. f4 Nc4 18. Nxc4 bxc4 19. Bxc4 Rxe4 20. Qd3 Rxb2
21. Bd5 Re7 22. Bc6 d5 23. Rfb1 Rxb1+ 24. Rxb1 g6 25. Qxa6 Qd6 26. h3 Re6 27.
Qa8+ Kg7 28. Bb5 c6 29. Bf1 Qc5+ 30. Kh2 Qf2 31. Qb8 Ne4 32. f5 gxf5 33. a6 Rh6
34. Rb2 Rxh3+ 35. Kxh3 Ng5+ 0-1

[Event "Qatar Masters Open 2015"]
[Site "Doha QAT"]
[Date "2015.12.23"]
[Round "4.31"]
[White "Lenderman, Aleksandr"]
[Black "Sagar, Shah"]
[Result "1/2-1/2"]
[WhiteElo "2626"]
[BlackElo "2441"]
[PlyCount "122"]
[EventDate "2015.12.20"]
[EventType "swiss"]
[EventRounds "9"]
[EventCountry "QAT"]
[Source "lmi"]
[SourceDate "2015.12.20"]

1. d4 Nf6 2. g3 e6 3. Bg2 c5 4. Nf3 cxd4 5. Nxd4 d5 6. O-O e5 7. Nb3 Be6 8. Nc3
Be7 9. f4 exf4 10. gxf4 g6 11. Be3 Nc6 12. Kh1 O-O 13. Qd2 Qc8 14. Rad1 Bh3 15.
Rg1 Bxg2+ 16. Rxg2 Re8 17. Bd4 Nxd4 18. Qxd4 b6 19. e3 Qc6 20. f5 Bc5 21. Nxc5
bxc5 22. Qf4 Rad8 23. Qf3 Rd6 24. h3 Kg7 25. Qf4 Red8 26. Kh2 R6d7 27. Rgd2 Qb6
28. b3 d4 29. exd4 cxd4 30. Ne2 d3 31. cxd3 Nd5 32. Qe5+ Kg8 33. Nf4 Nxf4 34.
Qxf4 Rd5 35. Rg2 Rxd3 36. Rxd3 Rxd3 37. Re2 Kg7 38. fxg6 hxg6 39. Re7 Qf6 40.
Qxf6+ Kxf6 41. Rxa7 Kg5 42. Rxf7 Rd2+ 43. Kg3 Rxa2 44. h4+ Kh6 45. Rf2 Ra5 46.
b4 Rb5 47. Rf4 g5 48. Rg4 gxh4+ 49. Kxh4 Rh5+ 50. Kg3 Rf5 51. Kg2 Kh5 52. Kh3
Kh6 53. Kh4 Rh5+ 54. Kg3 Rf5 55. Kh3 Kh5 56. Rc4 Kg5 57. Kg3 Kf6 58. Kg4 Ke6
59. Rc6+ Kd7 60. Kxf5 Kxc6 61. b5+ Kxb5 1/2-1/2

[Event "Qatar Masters Open 2015"]
[Site "Doha QAT"]
[Date "2015.12.23"]
[Round "4.32"]
[White "Puranik, Abhimanyu"]
[Black "Lu, Shanglei"]
[Result "1/2-1/2"]
[WhiteElo "2442"]
[BlackElo "2618"]
[PlyCount "120"]
[EventDate "2015.12.20"]
[EventType "swiss"]
[EventRounds "9"]
[EventCountry "QAT"]
[Source "lmi"]
[SourceDate "2015.12.20"]

1. e4 c5 2. c3 d5 3. exd5 Qxd5 4. d4 Nc6 5. Nf3 e6 6. Be3 cxd4 7. cxd4 Nf6 8.
Nc3 Qd8 9. Bc4 Be7 10. O-O O-O 11. a3 h6 12. Qe2 a6 13. Rfd1 Nd5 14. Rac1 Bf6
15. Ba2 Nce7 16. Qc2 Re8 17. Nxd5 exd5 18. Ne5 Nf5 19. Bf4 Be6 20. Qb3 Rc8 21.
Rxc8 Qxc8 22. Bb1 Nxd4 23. Rxd4 Bg4 24. h3 Rxe5 25. Qb4 Re2 26. Bd3 a5 27. Qb6
Re6 28. Qa7 Bxd4 29. Qxd4 Bf5 30. Qxd5 Bxd3 31. Qxd3 a4 32. Be3 Qc6 33. Qd8+
Kh7 34. Qd3+ Qe4 35. Qd7 Rg6 36. g3 Rc6 37. Qxf7 Rc2 38. g4 Rxb2 39. Qd7 b5 40.
Bd4 Rb1+ 41. Kh2 Rh1+ 42. Kg3 Rg1+ 43. Kh4 Qg6 44. Qxb5 Qf7 45. Qd3+ Kg8 46. f4
Qe7+ 47. Kh5 Qe8+ 48. Qg6 Qxg6+ 49. Kxg6 Rg3 50. Bxg7 Rxa3 51. f5 Rxh3 52. f6
Rf3 53. Bxh6 a3 54. Bc1 a2 55. Bb2 Rf1 56. Bc3 Kf8 57. Bb4+ Ke8 58. Bc3 Kf8 59.
Bb4+ Ke8 60. Bc3 Kf8 1/2-1/2

[Event "Qatar Masters Open 2015"]
[Site "Doha QAT"]
[Date "2015.12.23"]
[Round "4.33"]
[White "Tregubov, Pavel V"]
[Black "Fang, Yuxiang"]
[Result "1-0"]
[WhiteElo "2589"]
[BlackElo "2438"]
[PlyCount "91"]
[EventDate "2015.12.20"]
[EventType "swiss"]
[EventRounds "9"]
[EventCountry "QAT"]
[Source "lmi"]
[SourceDate "2015.12.20"]

1. d4 d5 2. c4 c6 3. Nf3 Nf6 4. Nc3 a6 5. e3 g6 6. Be2 Bg7 7. O-O O-O 8. Bd2 b5
9. cxd5 cxd5 10. b4 Ne4 11. a4 Nxd2 12. Qxd2 bxa4 13. Rxa4 Bb7 14. Qa2 Nc6 15.
Qxd5 Nxd4 16. Qxb7 Rb8 17. Qxa6 Nxf3+ 18. Bxf3 Bxc3 19. Qc4 Qc8 20. Qb3 Be5 21.
b5 Qc5 22. Rb1 Rfc8 23. g3 Qb6 24. Ra6 Qxa6 25. bxa6 Rxb3 26. Rxb3 Rc1+ 27. Kg2
Ra1 28. Be2 Kg7 29. g4 Ra2 30. Bd3 Bd6 31. h4 h6 32. Kf3 Ra4 33. Rb2 Be5 34.
Rb7 Bd6 35. Bb5 Ra2 36. Bc4 Ra4 37. Bb5 Ra2 38. Ke4 Rd2 39. Bc4 f5+ 40. gxf5
gxf5+ 41. Kxf5 Rxf2+ 42. Ke4 Rc2 43. Bd5 Bc5 44. Rc7 Rc3 45. Rxc5 Rxc5 46. a7
1-0

[Event "Qatar Masters Open 2015"]
[Site "Doha QAT"]
[Date "2015.12.23"]
[Round "4.34"]
[White "Rambaldi, Francesco"]
[Black "Saduakassova, Dinara"]
[Result "1/2-1/2"]
[WhiteElo "2560"]
[BlackElo "2407"]
[PlyCount "131"]
[EventDate "2015.12.20"]
[EventType "swiss"]
[EventRounds "9"]
[EventCountry "QAT"]
[Source "lmi"]
[SourceDate "2015.12.20"]

1. c4 e5 2. g3 Nf6 3. Bg2 d5 4. cxd5 Nxd5 5. Nc3 Nb6 6. d3 Be7 7. Be3 Nc6 8.
Bxc6+ bxc6 9. Nf3 f6 10. d4 exd4 11. Nxd4 c5 12. Nb3 Qxd1+ 13. Rxd1 c4 14. Nd4
Bd7 15. Ndb5 O-O-O 16. Nxa7+ Kb7 17. Nab5 Bxb5 18. Nxb5 Bb4+ 19. Bd2 Rd5 20.
Bxb4 Rxb5 21. Bc3 Ra8 22. Ra1 Na4 23. Kd2 Kc6 24. Kc2 Rab8 25. Rab1 Ra8 26. Ra1
Rab8 27. Bd4 Kd5 28. Rhd1 Ke6 29. b3 cxb3+ 30. axb3 Nc5 31. Bxc5 Rxc5+ 32. Kb2
Rcb5 33. Rd3 R8b6 34. Ra8 Rc6 35. Rh8 Rbc5 36. Rd2 h6 37. Re8+ Kf7 38. Re4 f5
39. Red4 Kf6 40. h4 Rc1 41. e4 fxe4 42. Rxe4 h5 43. Ree2 g5 44. hxg5+ Kxg5 45.
Re5+ Kg6 46. f4 R1c3 47. Rg5+ Kf7 48. Rg2 Rf3 49. Rc2 Rxc2+ 50. Kxc2 Ke6 51.
Kb2 Kd6 52. Ka2 c5 53. Rxh5 Rxg3 54. Rh6+ Kd5 55. Rf6 Rf3 56. Rf8 Ke4 57. Rc8
Kd5 58. Rd8+ Ke4 59. Re8+ Kd4 60. Rf8 Ke4 61. Kb2 Rxf4 62. Rxf4+ Kxf4 63. Kc3
Ke5 64. Kc4 Kd6 65. b4 cxb4 66. Kxb4 1/2-1/2

[Event "Qatar Masters Open 2015"]
[Site "Doha QAT"]
[Date "2015.12.23"]
[Round "4.35"]
[White "Abhishek, Kelkar"]
[Black "Lin, Chen"]
[Result "1/2-1/2"]
[WhiteElo "2393"]
[BlackElo "2532"]
[PlyCount "140"]
[EventDate "2015.12.20"]
[EventType "swiss"]
[EventRounds "9"]
[EventCountry "QAT"]
[Source "lmi"]
[SourceDate "2015.12.20"]

1. d4 Nf6 2. c4 g6 3. Nc3 Bg7 4. e4 d6 5. Be2 O-O 6. Be3 Nbd7 7. h4 e5 8. d5
Nc5 9. Qc2 c6 10. h5 a5 11. hxg6 fxg6 12. O-O-O cxd5 13. Bxc5 dxc5 14. cxd5 Ne8
15. d6 Nxd6 16. Nf3 Be6 17. Nb5 Ra6 18. Nxd6 Rxd6 19. Rxd6 Qxd6 20. Ng5 Rxf2
21. Kb1 b5 22. Rd1 Qe7 23. Nxe6 Qxe6 24. Bc4 Qxc4 25. Qxf2 Qxe4+ 26. Qc2 Qc6
27. a4 bxa4 28. Qc4+ Kf8 29. Rd5 Bf6 30. Qxc5+ Qxc5 31. Rxc5 Bd8 32. Rxe5 h5
33. Ka2 Kf7 34. Ka3 Be7+ 35. Kxa4 Bb4 36. Kb3 Kf6 37. Rd5 Be1 38. Kc2 Ke6 39.
Rb5 Bb4 40. Kd3 Kf6 41. Ke4 Bd2 42. Rc5 Bb4 43. Rd5 Ke6 44. Rd1 Kf6 45. Kf4 Bc5
46. Rd3 Bb4 47. Rd5 Ke6 48. Rb5 Bd2+ 49. Ke4 Kf6 50. Rc5 Bb4 51. Rc6+ Kg5 52.
Ke5 Be1 53. Rc4 Bd2 54. Ke6 Bb4 55. Rd4 Be1 56. Kf7 h4 57. Rd5+ Kg4 58. Kxg6
Kg3 59. Rg5+ Kh2 60. Kh5 Bg3 61. Rxa5 Kxg2 62. Kg4 h3 63. Ra3 Be5 64. Rxh3 Bxb2
65. Rd3 Be5 66. Rd2+ Kg1 67. Kf3 Bc7 68. Rg2+ Kh1 69. Rc2 Bh2 70. Rxh2+ Kxh2
1/2-1/2

[Event "Qatar Masters Open 2015"]
[Site "Doha QAT"]
[Date "2015.12.23"]
[Round "4.36"]
[White "Svane, Rasmus"]
[Black "Abdumalik, Zhansaya"]
[Result "0-1"]
[WhiteElo "2529"]
[BlackElo "2390"]
[PlyCount "72"]
[EventDate "2015.12.20"]
[EventType "swiss"]
[EventRounds "9"]
[EventCountry "QAT"]
[Source "lmi"]
[SourceDate "2015.12.20"]

1. Nf3 Nf6 2. c4 c5 3. Nc3 Nc6 4. g3 d5 5. cxd5 Nxd5 6. Bg2 g6 7. Ne4 b6 8. d4
Bg7 9. dxc5 bxc5 10. O-O O-O 11. Nxc5 Rb8 12. e4 Ndb4 13. a3 Na6 14. Nd3 Be6
15. Re1 Bc4 16. Nf4 Qxd1 17. Rxd1 Nc5 18. Nd2 Rfd8 19. Nd5 Be2 20. Re1 Ba6 21.
Nc7 Bd3 22. Nd5 Ba6 23. Nc7 Bd3 24. Nd5 Nd4 25. Ra2 e6 26. b4 Na4 27. Nf4 Nc2
28. Nxd3 Nxe1 29. Nxe1 Nc3 30. Rc2 Ne2+ 31. Kf1 Nxc1 32. Nc4 Nb3 33. Nf3 Rbc8
34. Ke1 Na1 35. Rc1 Bb2 36. Rb1 Rxc4 0-1

[Event "Qatar Masters Open 2015"]
[Site "Doha QAT"]
[Date "2015.12.23"]
[Round "4.37"]
[White "Christiansen, Johan-Sebastian"]
[Black "Bromberger, Stefan"]
[Result "0-1"]
[WhiteElo "2385"]
[BlackElo "2521"]
[PlyCount "58"]
[EventDate "2015.12.20"]
[EventType "swiss"]
[EventRounds "9"]
[EventCountry "QAT"]
[Source "lmi"]
[SourceDate "2015.12.20"]

1. Nf3 d5 2. c4 d4 3. b4 g5 4. Bb2 Bg7 5. Nxg5 e5 6. Ne4 f5 7. Ng3 Nf6 8. d3 h5
9. h4 Ng4 10. Nd2 e4 11. dxe4 f4 12. Nf5 Bxf5 13. exf5 Nc6 14. b5 Nce5 15. Qc2
c6 16. bxc6 bxc6 17. Nb3 c5 18. Ba3 O-O 19. Bxc5 Rc8 20. Bxf8 Rxc4 21. Qd2 Bxf8
22. e3 d3 23. a3 fxe3 24. fxe3 Rc2 25. Qd1 Nxe3 26. Qxh5 d2+ 27. Kf2 d1=Q+ 28.
Be2 N3g4+ 29. Kg3 Q8d3+ 0-1